000 00890nam a2200253Ia 4500
003 OSt
005 20221005112409.0
006 a|||||r|||| 00| 0
007 ta
008 221004b |||||||| |||| 00| 0 pan d
020 _a9789383654062 (pbk)
_c100
024 _a15341
037 _b890, 08/09/2014, H.K. Prakashan
_cTextual
040 _aCRL
_cCRL
_bpan
041 _2pan
_apan
082 _aO157,1M61,GI, 153J9;Q4
100 _aਟੈਗੋਰ, ਰਬਿੰਦਰਨਾਥ
245 0 _aਗੀਤਾਂਜਲੀ
260 _aਸਮਾਣਾ
_bਸੰਗ੍ਰਮ ਪਬਲੀਕੇFਨਗ਼ ਭਾਰਤ
_c2014
300 _a136ਪੰ
_ccm.
650 _aਬੰਗਾਲੀ ਸਾਹਿਤ
942 _hO157,1M61,GI, 153J9;Q4
_cTEXL
_2cc
999 _c1024752
_d1024752